[Event "DEN-ch Rapid op"]
[Site "Avedore"]
[Date "2023.05.13"]
[Round "2"]
[White "Jalving, August"]
[Black "Bang, Andreas"]
[Result "0-1"]
[WhiteElo "1993"]
[BlackElo "2287"]
[PlyCount "172"]
[EventDate "2023.05.13"]
[EventType "swiss (rapid)"]
[EventRounds "7"]
[EventCountry "DEN"]
[SourceTitle "CBM 214 Extra"]
[Source "ChessBase"]
[SourceDate "2023.07.31"]
[SourceVersion "1"]
[SourceVersionDate "2023.07.31"]
[SourceQuality "1"]

1. e4 c6 2. d4 d5 3. Nc3 dxe4 4. Nxe4 Nf6 5. Nxf6+ exf6 6. c3 Bd6 7. Bd3 0-0 8. Qc2 Re8+ 9. Ne2 Kh8 10. 0-0 Qc7 11. Ng3 Nd7 12. Bd2 Nf8 13. Rfe1 Be6 14. c4 Rad8 15. Be3 g6 16. Rad1 Bg4 17. f3 Bc8 18. Bf2 Rxe1+ 19. Rxe1 Ne6 20. d5 cxd5 21. cxd5 Nf4 22. Qxc7 Bxc7 23. Bc4 Kg7 24. Rc1 b6 25. h3 Bb7 26. Bd4 Bxd5 27. Bxd5 Nxd5 28. Ne4 Be5 29. Bxe5 fxe5 30. Rd1 Rd7 31. Rc1 f5 32. Nc3 Rc7 33. Kf2 Nxc3 34. bxc3 Kf6 35. Ke3 Rc4 36. Kd3 Ra4 37. Rc2 Ke6 38. Rd2 Ra5 39. Kc4 Rc5+ 40. Kb3 Rd5 41. Re2 Kd6 42. Kc4 Kc6 43. a4 Rc5+ 44. Kb4 Kd5 45. Rd2+ Ke6 46. c4 Rc7 47. Rd8 e4 48. fxe4 fxe4 49. Kc3 Ke5 50. Re8+ Kf4 51. Kd4 Rd7+ 52. Kc3 e3 53. Rf8+ Ke4 54. Re8+ Kf4 55. Rf8+ Kg3 56. Rf3+ Kxg2 57. Rxe3 g5 58. a5 bxa5 59. c5 h5 60. Kc4 g4 61. hxg4 hxg4 62. c6 Rf7 63. Kc5 Kf2 64. Rb3 g3 65. Rb2+ Kf3 66. Rb3+ Kg4 67. Rb8 g2 68. Kd6 Kf3 69. Rb3+ Kf2 70. Rb2+ Kg3 71. Rb1 Kh2 72. Rb2 Kh1 73. c7 Rxc7 74. Rxg2 Kxg2 75. Kxc7 a4 76. Kc6 a3 77. Kb5 a2 78. Kc6 a1Q 79. Kb5 Qf6 80. Kc5 Kf3 81. Kb5 Ke4 82. Kc5 Qe6 83. Kb5 Kd4 84. Ka5 Qb6+ 85. Ka4 Kc3 86. Ka3 Qa5# 0-1

[Event "DEN-ch G7 Gr1"]
[Site "Svendborg"]
[Date "2023.04.05"]
[Round "7"]
[White "Leonhardsen, Vebjorn Maanum"]
[Black "Jalving, August"]
[Result "1/2-1/2"]
[WhiteElo "1885"]
[BlackElo "1962"]
[PlyCount "74"]
[EventDate "2023.04.05"]
[EventType "swiss"]
[EventRounds "7"]
[EventCountry "DEN"]
[SourceTitle "CBM 213 Extra"]
[Source "ChessBase"]
[SourceDate "2023.05.31"]
[SourceVersion "1"]
[SourceVersionDate "2023.05.31"]
[SourceQuality "1"]

1. c4 e5 2. Nc3 Bb4 3. Nd5 Bc5 4. e3 c6 5. Nc3 Qe7 6. Be2 d6 7. d4 Bb4 8. Nf3 Nf6 9. 0-0 0-0 10. Bd2 Nbd7 11. a3 Ba5 12. Nd5 Nxd5 13. Bxa5 N5f6 14. Bc3 Ne4 15. Qc2 Nxc3 16. Qxc3 e4 17. Nd2 d5 18. Rfc1 Qg5 19. cxd5 cxd5 20. Nf1 Nf6 21. Rc2 h5 22. Qc7 h4 23. Qf4 Qxf4 24. exf4 Be6 25. Ne3 g6 26. Rac1 Ne8 27. Rc5 b6 28. R5c2 Nd6 29. Rc7 Rfd8 30. Kf1 a6 31. R7c6 b5 32. b3 Nf5 33. Nxf5 Bxf5 34. Ke1 Bd7 35. R6c5 Be6 36. Rc6 Bd7 37. R6c5 Be6 1/2-1/2

[Event "Kragero op"]
[Site "Kragero"]
[Date "2023.02.25"]
[Round "7"]
[White "Blokhin, Sofia"]
[Black "Jalving, August"]
[Result "1-0"]
[WhiteElo "2037"]
[BlackElo "1966"]
[PlyCount "119"]
[EventDate "2023.02.22"]
[EventType "swiss"]
[EventRounds "9"]
[EventCountry "NOR"]
[SourceTitle "CBM 212 Extra"]
[Source "ChessBase"]
[SourceDate "2023.03.31"]
[SourceVersion "1"]
[SourceVersionDate "2023.03.31"]
[SourceQuality "1"]

1. d4 Nf6 2. c4 e6 3. Nc3 Bb4 4. f3 c5 5. a3 Bxc3+ 6. bxc3 0-0 7. e4 d6 8. Be3 b6 9. Bd3 Nc6 10. Ne2 e5 11. d5 Ne7 12. Bg5 Ng6 13. h4 h6 14. Be3 Nh5 15. Qd2 b5 16. cxb5 a6 17. c4 axb5 18. cxb5 Nxh4 19. Rh2 g5 20. Bf2 Qf6 21. Bxh4 gxh4 22. g4 Nf4 23. Nxf4 exf4 24. Qb2 Qe7 25. Kf2 c4 26. Bxc4 f5 27. gxf5 Kh7 28. Rg1 h3 29. Rxh3 Bxf5 30. exf5 Qe3+ 31. Kf1 Rg8 32. Rg6 Rxg6 33. fxg6+ Kxg6 34. Qe2 Qc1+ 35. Kf2 Rf8 36. Qe6+ Rf6 37. Rxh6+ Kxh6 38. Qxf6+ Kh5 39. Qf5+ Kh6 40. Qe6+ Kh5 41. Be2 Kg5 42. Qxd6 Qe3+ 43. Kf1 Qc1+ 44. Kg2 Qe1 45. Qe5+ Kh6 46. Qxf4+ Kg7 47. Qg3+ Qxg3+ 48. Kxg3 Kf6 49. b6 Ke5 50. b7 Kxd5 51. b8Q Kc6 52. Qb5+ Kd6 53. a4 Ke7 54. a5 Kd6 55. a6 Ke6 56. a7 Kd6 57. a8R Kc7 58. Ra6 Kc8 59. Ra7 Kd8 60. Qb8# 1-0

[Event "Kragero op"]
[Site "Kragero"]
[Date "2023.02.23"]
[Round "3"]
[White "Jalving, August"]
[Black "Efroimski, Marsel"]
[Result "0-1"]
[WhiteElo "1966"]
[BlackElo "2456"]
[PlyCount "58"]
[EventDate "2023.02.22"]
[EventType "swiss"]
[EventRounds "9"]
[EventCountry "NOR"]
[SourceTitle "CBM 212 Extra"]
[Source "ChessBase"]
[SourceDate "2023.03.31"]
[SourceVersion "1"]
[SourceVersionDate "2023.03.31"]
[SourceQuality "1"]

1. d4 Nf6 2. c4 e6 3. g3 c5 4. Nf3 cxd4 5. Nxd4 d5 6. Bg2 e5 7. Nc2 d4 8. 0-0 Nc6 9. b4 Bf5 10. b5 Na5 11. f4 Bc5 12. Kh1 Ng4 13. fxe5 d3 14. Rxf5 dxc2 15. Qxc2 Qd4 16. e3 Qxa1 17. e6 fxe6 18. Rxc5 0-0 19. h3 Rf2 20. Qe4 Rf1+ 21. Bxf1 Nf2+ 22. Kg2 Nxe4 23. Rc7 Qxb1 24. c5 Rf8 25. h4 Qxc1 26. Bd3 Rf2+ 27. Kh3 Qh1+ 28. Kg4 Qf3+ 29. Kh3 Qxg3# 0-1

[Event "Copenhagen Obro New Year op"]
[Site "Copenhagen"]
[Date "2022.12.30"]
[Round "6"]
[White "Vinther, Christoffer"]
[Black "Jalving, August"]
[Result "0-1"]
[WhiteElo "1661"]
[BlackElo "1798"]
[PlyCount "46"]
[EventDate "2022.12.27"]
[EventType "swiss"]
[EventRounds "7"]
[EventCountry "DEN"]
[SourceTitle "CBM 211 Extra"]
[Source "ChessBase"]
[SourceDate "2023.01.31"]
[SourceVersion "1"]
[SourceVersionDate "2023.01.31"]
[SourceQuality "1"]

1. f4 d5 2. Nf3 Nf6 3. e3 c5 4. Bb5+ Nbd7 5. b3 a6 6. Bxd7+ Bxd7 7. 0-0 g6 8. Bb2 Bg7 9. Ne5 0-0 10. d3 Ng4 11. Qe2 Nxe5 12. fxe5 Qc7 13. d4 cxd4 14. exd4 Bb5 15. c4 dxc4 16. Rc1 c3 17. Rxc3 Qxc3 18. Nxc3 Bxe2 19. Nxe2 Rfc8 20. Nc3 Rd8 21. Ne4 Rac8 22. Nc5 Bxe5 23. Nxb7 Bxd4+ 0-1

[Event "Copenhagen Obro New Year op"]
[Site "Copenhagen"]
[Date "2022.12.28"]
[Round "4"]
[White "Hald Falkesgaard, Jeppe"]
[Black "Jalving, August"]
[Result "1-0"]
[WhiteElo "2125"]
[BlackElo "1798"]
[PlyCount "81"]
[EventDate "2022.12.27"]
[EventType "swiss"]
[EventRounds "7"]
[EventCountry "DEN"]
[SourceTitle "CBM 211 Extra"]
[Source "ChessBase"]
[SourceDate "2023.01.31"]
[SourceVersion "1"]
[SourceVersionDate "2023.01.31"]
[SourceQuality "1"]

1. c4 Nf6 2. Nc3 e5 3. Nf3 Nc6 4. e4 Bc5 5. Nxe5 Nxe5 6. d4 Bd6 7. c5 Bxc5 8. dxe5 Ng8 9. Qh5 g6 10. Qf3 d6 11. Bf4 h5 12. exd6 cxd6 13. h3 g5 14. Bb5+ Kf8 15. Bh2 Be6 16. 0-0-0 a6 17. Be2 Qe7 18. Kb1 Rh6 19. Qd3 b5 20. f4 Rd8 21. Rhf1 g4 22. f5 Bc4 23. Qc2 Bxe2 24. Qxe2 Nf6 25. Qd2 Ng8 26. e5 Qc7 27. Nd5 Qc6 28. e6 fxe6 29. fxe6+ Kg7 30. Rf7+ Kh8 31. Qc3+ Nf6 32. Nxf6 b4 33. Qc1 Rxf6 34. Rxf6 Qe4+ 35. Ka1 Be3 36. Qb1 Qxg2 37. Qg6 Qxh2 38. Qxh5+ Kg8 39. Rg6+ Kf8 40. Qf5+ Ke7 41. Qf7# 1-0

[Event "DEN-ch U10 rapid"]
[Site "Odense"]
[Date "2022.09.30"]
[Round "5"]
[White "Jalving, August"]
[Black "Skytte, Robert"]
[Result "1-0"]
[WhiteElo "1778"]
[BlackElo "1616"]
[PlyCount "69"]
[EventDate "2022.09.30"]
[EventType "swiss"]
[EventRounds "7"]
[EventCountry "DEN"]
[SourceTitle "EXT 2024"]
[Source "ChessBase"]
[SourceDate "2023.10.10"]
[SourceVersion "1"]
[SourceVersionDate "2023.10.10"]
[SourceQuality "1"]

1. d4 d5 2. c4 e6 3. Nf3 c5 4. cxd5 exd5 5. Nc3 Nf6 6. Bg5 cxd4 7. Nxd4 Nc6 8. e3 Be7 9. Be2 0-0 10. 0-0 h6 11. Bh4 Ne5 12. Nf3 Ng6 13. Bg3 Bf5 14. Nd4 Be6 15. Nxe6 fxe6 16. Bd3 Nh8 17. Nb5 Qd7 18. Nc7 Rac8 19. Bb5 Qd8 20. Nxe6 Qb6 21. Nxf8 Bxf8 22. Bd3 Qxb2 23. Qb3 Qxb3 24. axb3 Rc3 25. Bf5 a6 26. Rab1 g6 27. Be6+ Nf7 28. Rfd1 Rc5 29. Be5 Kg7 30. Bd4 Rb5 31. Bxd5 Bc5 32. Bc4 Ra5 33. b4 Ra4 34. Bxc5 b5 35. Bb3 1-0

[Event "Wch U10"]
[Site "Batumi"]
[Date "2022.09.21"]
[Round "6"]
[White "Jalving, August"]
[Black "Bekmukhanov, Sauran"]
[Result "1-0"]
[WhiteElo "1778"]
[BlackElo "1500"]
[PlyCount "45"]
[EventDate "2022.09.16"]
[EventType "swiss"]
[EventRounds "11"]
[EventCountry "GEO"]
[SourceTitle "EXT 2023"]
[Source "ChessBase"]
[SourceDate "2022.10.05"]
[SourceVersion "1"]
[SourceVersionDate "2022.10.05"]
[SourceQuality "1"]

1. d4 Nf6 2. g3 c5 3. d5 b5 4. Bg2 d6 5. e4 Bb7 6. b3 Nbd7 7. Bb2 a5 8. f4 Qb8 9. Nd2 a4 10. c4 Ba6 11. Rb1 Qc7 12. Qe2 Qa5 13. e5 bxc4 14. bxc4 dxe5 15. fxe5 Ng8 16. e6 fxe6 17. dxe6 Ndf6 18. Bxa8 Bb5 19. cxb5 Qxa8 20. Ngf3 Nd5 21. b6 Qb7 22. Qb5+ Kd8 23. Qd7+ 1-0

[Event "Norway Chess op-A"]
[Site "Stavanger"]
[Date "2022.06.09"]
[Round "8"]
[White "Jalving, August"]
[Black "Wahlgreen, Noah Krug"]
[Result "0-1"]
[WhiteElo "2032"]
[BlackElo "2015"]
[PlyCount "156"]
[EventDate "2022.06.03"]
[EventType "swiss"]
[EventRounds "9"]
[EventCountry "NOR"]
[SourceTitle "CBM 208 Extra"]
[Source "ChessBase"]
[SourceDate "2022.07.31"]
[SourceVersion "1"]
[SourceVersionDate "2022.07.31"]
[SourceQuality "1"]

1. e4 c6 2. Nc3 d5 3. Nf3 dxe4 4. Nxe4 Nf6 5. Qe2 Nxe4 6. Qxe4 Qa5 7. Bc4 Bf5 8. Qe2 e6 9. 0-0 Nd7 10. d4 Bd6 11. Bd2 Qc7 12. Bc3 Nf6 13. Rfe1 0-0 14. Bd3 Bg4 15. h3 Bh5 16. Bd2 Rad8 17. c3 Kh8 18. g4 Bg6 19. Bxg6 hxg6 20. Ne5 c5 21. Bf4 cxd4 22. cxd4 Nd5 23. Bg3 Kg8 24. Rac1 Qe7 25. f4 Rc8 26. Qf2 Bb4 27. Red1 Nf6 28. Qe3 Rxc1 29. Rxc1 Qd8 30. a3 Ba5 31. Bf2 a6 32. b4 Bb6 33. Rc4 Qd5 34. Rc1 Rd8 35. Rd1 Ne4 36. Nf3 Rc8 37. Re1 Rc3 38. Qxe4 Qxe4 39. Rxe4 Rxf3 40. Re3 Rxf4 41. Rd3 e5 42. Kg2 exd4 43. Kg3 Bc7 44. Kg2 Bb6 45. Kg3 Bc7 46. Kg2 Bb6 47. Kg3 Re4 48. Kf3 f5 49. Rd2 Kf7 50. a4 Ke6 51. a5 Ba7 52. Rc2 d3 53. gxf5+ gxf5 54. Rd2 Re2 55. Rxe2+ dxe2 56. Be1 Kd5 57. Kxe2 Bb8 58. Kd3 Bd6 59. h4 g6 60. Bd2 Ke5 61. Ke3 f4+ 62. Kf3 Kf5 63. Be1 Bc7 64. Bd2 g5 65. hxg5 Kxg5 66. Ke4 Bb8 67. Be1 Kg4 68. Bf2 Bd6 69. Be1 f3 70. Ke3 Bf4+ 71. Kd3 Bg3 72. Bc3 Kf4 73. Bd4 f2 74. Ke2 Ke4 75. Bxf2 Bxf2 76. Kxf2 Kd3 77. Ke1 Kc4 78. b5 Kxb5 0-1

[Event "Norway Chess op-A"]
[Site "Stavanger"]
[Date "2022.06.05"]
[Round "3"]
[White "Mansoor, Afras"]
[Black "Jalving, August"]
[Result "1-0"]
[WhiteElo "2054"]
[BlackElo "2032"]
[PlyCount "109"]
[EventDate "2022.06.03"]
[EventType "swiss"]
[EventRounds "9"]
[EventCountry "NOR"]
[SourceTitle "CBM 208 Extra"]
[Source "ChessBase"]
[SourceDate "2022.07.31"]
[SourceVersion "1"]
[SourceVersionDate "2022.07.31"]
[SourceQuality "1"]

1. d4 Nf6 2. c4 g6 3. Nc3 Bg7 4. e4 d6 5. Be2 0-0 6. Nf3 e5 7. Be3 Ng4 8. Bg5 f6 9. Bc1 f5 10. dxe5 Nxe5 11. exf5 Bxf5 12. 0-0 Nbc6 13. h3 Kh8 14. Nxe5 Nxe5 15. Be3 Qd7 16. Qd2 Rae8 17. Rae1 Be6 18. b3 b6 19. f4 Nc6 20. Bf3 Bg8 21. Bxc6 Qxc6 22. Bd4 Qd7 23. Nb5 a6 24. Bxg7+ Qxg7 25. Nd4 Rxe1 26. Rxe1 Qf6 27. Rf1 d5 28. cxd5 Bxd5 29. Nc2 Bb7 30. Ne3 Rd8 31. Qc1 Qg7 32. Kh2 c5 33. Ng4 Rf8 34. Qc4 Qd4 35. Qe6 Qe4 36. Qxe4 Bxe4 37. Re1 Bf5 38. Ne5 Kg7 39. Rd1 Be4 40. Rd7+ Kg8 41. Kg3 g5 42. fxg5 Rf5 43. Ng4 Bb1 44. Nh6+ Kf8 45. Nxf5 Bxf5 46. Rd6 Bb1 47. a3 b5 48. Rxa6 c4 49. bxc4 bxc4 50. Rc6 Bd3 51. Kf4 Ke7 52. Ke5 Kd7 53. Rc5 Bf1 54. h4 Bxg2 55. Rxc4 1-0

[Event "Norway Chess op-A"]
[Site "Stavanger"]
[Date "2022.06.04"]
[Round "2"]
[White "Jalving, August"]
[Black "Goh, Zi Han"]
[Result "0-1"]
[WhiteElo "2032"]
[BlackElo "2113"]
[PlyCount "84"]
[EventDate "2022.06.03"]
[EventType "swiss"]
[EventRounds "9"]
[EventCountry "NOR"]
[SourceTitle "CBM 208 Extra"]
[Source "ChessBase"]
[SourceDate "2022.07.31"]
[SourceVersion "1"]
[SourceVersionDate "2022.07.31"]
[SourceQuality "1"]

1. e4 c5 2. Nf3 d6 3. d4 cxd4 4. Nxd4 Nf6 5. Nc3 a6 6. Be3 e5 7. Nb3 Be6 8. Nd5 Nbd7 9. f3 Nxd5 10. exd5 Bf5 11. c4 Be7 12. Bd3 Bxd3 13. Qxd3 0-0 14. 0-0 Rc8 15. Rac1 b6 16. Na1 a5 17. Nc2 Bg5 18. b3 f5 19. Qd2 Bxe3+ 20. Qxe3 f4 21. Qc3 b5 22. Qd3 b4 23. Qe2 Rf6 24. Ne1 Nc5 25. Nd3 Rf7 26. Nxc5 Rxc5 27. Rfe1 Ra7 28. Qf2 Qc8 29. g3 fxg3 30. hxg3 Rf7 31. Kg2 Rf6 32. Re4 Rxd5 33. Rh1 Rd3 34. Qe2 Rc3 35. Re3 Qf5 36. Rxc3 bxc3 37. g4 Qf4 38. Qd3 c2 39. Qc3 e4 40. Qxc2 Qxf3+ 41. Kg1 Qf1+ 42. Kh2 Rh6+ 0-1

[Event "Wch U10 blitz"]
[Site "Rhodes"]
[Date "2022.05.03"]
[Round "9"]
[White "Golubovic, Erik"]
[Black "Jalving, August"]
[Result "1-0"]
[WhiteElo "1506"]
[BlackElo "1908"]
[PlyCount "75"]
[EventDate "2022.05.03"]
[EventType "swiss (blitz)"]
[EventRounds "9"]
[EventCountry "GRE"]
[SourceTitle "CBM 208 Extra"]
[Source "ChessBase"]
[SourceDate "2022.07.31"]
[SourceVersion "1"]
[SourceVersionDate "2022.07.31"]
[SourceQuality "1"]

1. e4 c6 2. d4 d5 3. exd5 cxd5 4. Bd3 Nc6 5. c3 Nf6 6. h3 e6 7. Nf3 Bd6 8. 0-0 0-0 9. Re1 Qc7 10. Bg5 Be7 11. Ne5 Nd7 12. Qh5 f5 13. Nxc6 Bxg5 14. Rxe6 Nf6 15. Qxg5 Bxe6 16. Ne5 Ne4 17. Qe3 Qe7 18. Nd2 f4 19. Qe1 Nxd2 20. Qxd2 Qg5 21. Kh1 Bf5 22. Bxf5 Rxf5 23. Nf3 Qh6 24. Re1 Raf8 25. Qd3 Rh5 26. Kh2 Qg6 27. Qxg6 hxg6 28. Re7 Rf7 29. Re8+ Kh7 30. Ne5 Rf6 31. Rd8 Rb6 32. b3 Rb5 33. Nf7 g5 34. Rh8+ Kg6 35. Ne5+ Kf6 36. Rxh5 Ra5 37. Nf3 Rxa2 38. Rxg5 1-0

[Event "Wch U10 blitz"]
[Site "Rhodes"]
[Date "2022.05.03"]
[Round "8"]
[White "Jalving, August"]
[Black "Filindash, Nikita"]
[Result "1-0"]
[WhiteElo "1908"]
[BlackElo "1279"]
[PlyCount "71"]
[EventDate "2022.05.03"]
[EventType "swiss (blitz)"]
[EventRounds "9"]
[EventCountry "GRE"]
[SourceTitle "CBM 208 Extra"]
[Source "ChessBase"]
[SourceDate "2022.07.31"]
[SourceVersion "1"]
[SourceVersionDate "2022.07.31"]
[SourceQuality "1"]

1. e4 c5 2. Nf3 d6 3. d4 cxd4 4. Nxd4 Nf6 5. Nc3 a6 6. Be3 e5 7. Nb3 Be6 8. Nd5 Nbd7 9. f3 a5 10. a4 Rc8 11. c4 Bxd5 12. cxd5 Be7 13. Qd2 b6 14. Bb5 0-0 15. 0-0 Nc5 16. Nxc5 bxc5 17. Kh1 Nd7 18. Bxd7 Qxd7 19. Qxa5 Rb8 20. Qd2 Rb4 21. a5 Qb5 22. Rfb1 Ra8 23. Qc2 Rb3 24. Bd2 Qb8 25. Ra3 Rb5 26. Ra4 Bd8 27. b4 Bxa5 28. Rba1 cxb4 29. Qb3 Ra7 30. h3 Bb6 31. Bxb4 Rxa4 32. Qxa4 Bd8 33. Bxd6 Rb1+ 34. Kh2 Qb5 35. Qxb5 Rxb5 36. Ra8 1-0

[Event "Wch U10 rapid"]
[Site "Rhodes"]
[Date "2022.05.02"]
[Round "6"]
[White "Jalving, August"]
[Black "Barbier Ramaiah, Rohan Theo"]
[Result "1-0"]
[WhiteElo "1538"]
[BlackElo "1280"]
[PlyCount "103"]
[EventDate "2022.05.01"]
[EventType "swiss (rapid)"]
[EventRounds "9"]
[EventCountry "GRE"]
[SourceTitle "CBM 208 Extra"]
[Source "ChessBase"]
[SourceDate "2022.07.31"]
[SourceVersion "1"]
[SourceVersionDate "2022.07.31"]
[SourceQuality "1"]

1. d4 Nf6 2. c4 g6 3. Nc3 Bg7 4. e4 d6 5. Nf3 0-0 6. Be2 Nbd7 7. 0-0 e5 8. d5 c6 9. dxc6 bxc6 10. Qxd6 Bb7 11. Bg5 Qb6 12. Rab1 Rad8 13. Qa3 h6 14. Be3 c5 15. Nd5 Bxd5 16. exd5 e4 17. Nd2 Rfe8 18. b4 Qc7 19. bxc5 Rc8 20. c6 Nb6 21. Qa5 Rb8 22. Rb5 Red8 23. Rfb1 h5 24. c5 Nbxd5 25. Qxc7 Nxc7 26. Rxb8 Rxb8 27. Rxb8+ Kh7 28. Rb7 Ncd5 29. c7 Ne7 30. Rb8 Nd7 31. c6 Nb6 32. Bxb6 axb6 33. c8Q Nxc8 34. Rxc8 Bc3 35. Nxe4 Be5 36. c7 Bxc7 37. Rxc7 Kg7 38. Ng5 Kf6 39. Rxf7+ Kxg5 40. Bd3 Kh6 41. Rf6 Kg7 42. Rxb6 g5 43. a4 Kf7 44. a5 Ke7 45. a6 Kd7 46. a7 Kc7 47. Rb4 Kd6 48. a8Q g4 49. Qa5 h4 50. Rb6+ Kc7 51. Qa7+ Kc8 52. Rb8# 1-0

[Event "Wch U10 rapid"]
[Site "Rhodes"]
[Date "2022.05.02"]
[Round "7"]
[White "Jalving, August"]
[Black "Shilon Rahav, Eliran"]
[Result "0-1"]
[WhiteElo "1538"]
[BlackElo "1491"]
[PlyCount "106"]
[EventDate "2022.05.01"]
[EventType "swiss (rapid)"]
[EventRounds "9"]
[EventCountry "GRE"]
[SourceTitle "CBM 208 Extra"]
[Source "ChessBase"]
[SourceDate "2022.07.31"]
[SourceVersion "1"]
[SourceVersionDate "2022.07.31"]
[SourceQuality "1"]

1. d4 d5 2. Bf4 e6 3. Nf3 c5 4. c3 Nc6 5. e3 Nf6 6. h3 Bd6 7. Nbd2 0-0 8. Bd3 b6 9. 0-0 Bb7 10. Ne5 Ne7 11. Ndf3 Ne4 12. Qc2 Nf5 13. Bxe4 dxe4 14. Ng5 Be7 15. Nxe4 g5 16. g4 gxf4 17. gxf5 exf5 18. Nd2 Qd5 19. Nef3 Kh8 20. exf4 Rg8+ 21. Kh1 Qxf3+ 22. Nxf3 Bxf3+ 23. Kh2 Rg2+ 24. Kh1 Rxf2+ 25. Kg1 Rxc2 26. Rxf3 Rxb2 27. d5 Rg8+ 28. Kf1 Rbg2 29. Re1 Rg1+ 30. Ke2 R8g2+ 31. Kd1 Rxe1+ 32. Kxe1 Rxa2 33. Re3 Bd6 34. Re8+ Kg7 35. Rd8 Bxf4 36. d6 Rd2 37. d7 Bg5 38. Re8 Rxd7 39. Re5 Re7 40. Rxe7 Bxe7 41. Ke2 Bf6 42. Kd3 f4 43. Ke4 Bxc3 44. Kxf4 b5 45. Kg4 b4 46. Kf4 b3 47. Kg4 b2 48. Kf4 b1Q 49. Kg3 Be5+ 50. Kf3 Qd3+ 51. Kg4 Qe4+ 52. Kg5 Qg6+ 53. Kh4 Bg3# 0-1

[Event "Wch U10 rapid"]
[Site "Rhodes"]
[Date "2022.05.01"]
[Round "4"]
[White "Jalving, August"]
[Black "Negrean, Andrei"]
[Result "0-1"]
[WhiteElo "1538"]
[BlackElo "1806"]
[PlyCount "120"]
[EventDate "2022.05.01"]
[EventType "swiss (rapid)"]
[EventRounds "9"]
[EventCountry "GRE"]
[SourceTitle "CBM 208 Extra"]
[Source "ChessBase"]
[SourceDate "2022.07.31"]
[SourceVersion "1"]
[SourceVersionDate "2022.07.31"]
[SourceQuality "1"]

1. e4 c5 2. c3 d5 3. exd5 Qxd5 4. d4 e6 5. Nf3 Nc6 6. Bd3 Nf6 7. 0-0 Be7 8. Be3 cxd4 9. cxd4 0-0 10. Nc3 Qd6 11. Nb5 Qd8 12. Rc1 a6 13. Nc3 Nb4 14. Bb1 Nbd5 15. Nxd5 Qxd5 16. Qd3 Rd8 17. Bg5 g6 18. Rc7 Qd6 19. Rfc1 Bd7 20. Ne5 Rac8 21. Nxd7 Rxc7 22. Nxf6+ Bxf6 23. Rxc7 Bxg5 24. Qc2 Qxd4 25. g3 Qd1+ 26. Kg2 Qxc2 27. Bxc2 Rd2 28. Kf3 b5 29. h4 Bf6 30. Bb3 Rxb2 31. Ke3 a5 32. Rc8+ Kg7 33. Rc7 Be5 34. Rc5 a4 35. Bxa4 bxa4 36. Rxe5 Rxa2 37. Ra5 h5 38. f3 Kf6 39. Kf4 Re2 40. g4 e5+ 41. Kg3 hxg4 42. Ra6+ Kg7 43. Rxa4 gxf3 44. Kxf3 Re1 45. Kf2 Rb1 46. Kf3 Rf1+ 47. Ke4 Rf4+ 48. Kxe5 Rxa4 49. Kd5 Rxh4 50. Ke5 f5 51. Kd5 Re4 52. Kd6 g5 53. Kd5 g4 54. Kd6 g3 55. Kd5 g2 56. Kd6 g1Q 57. Kd5 Qd4+ 58. Kc6 Re6+ 59. Kb5 Rb6+ 60. Ka5 Qb4# 0-1

[Event "Wch U10 rapid"]
[Site "Rhodes"]
[Date "2022.05.01"]
[Round "3"]
[White "Kovacs, Abel"]
[Black "Jalving, August"]
[Result "0-1"]
[WhiteElo "1267"]
[BlackElo "1538"]
[PlyCount "56"]
[EventDate "2022.05.01"]
[EventType "swiss (rapid)"]
[EventRounds "9"]
[EventCountry "GRE"]
[SourceTitle "CBM 208 Extra"]
[Source "ChessBase"]
[SourceDate "2022.07.31"]
[SourceVersion "1"]
[SourceVersionDate "2022.07.31"]
[SourceQuality "1"]

1. e4 c6 2. d4 d5 3. Nc3 dxe4 4. Nxe4 Nf6 5. Nxf6+ exf6 6. Nf3 Bd6 7. Bd3 0-0 8. 0-0 Re8 9. Be3 Nd7 10. Re1 Nf8 11. Nh4 Qc7 12. g3 Bh3 13. Bf5 Bxf5 14. Nxf5 Ne6 15. Qd3 g6 16. Nh6+ Kg7 17. Rad1 f5 18. d5 cxd5 19. Qxd5 Rad8 20. Nxf5+ gxf5 21. Qxf5 Be7 22. Qg4+ Kh8 23. Rxd8 Rxd8 24. Bh6 Bf6 25. f4 Qc5+ 26. Kh1 Rd2 27. f5 Qd5+ 28. Kg1 Qg2# 0-1

[Event "DEN-ch G7 Gr-1"]
[Site "Svendborg"]
[Date "2022.04.13"]
[Round "2"]
[White "Poulsen, Peter Risgaard"]
[Black "Jalving, August"]
[Result "1/2-1/2"]
[WhiteElo "1870"]
[BlackElo "1879"]
[PlyCount "69"]
[EventDate "2022.04.12"]
[EventType "swiss"]
[EventRounds "7"]
[EventCountry "DEN"]
[SourceTitle "EXT 2024"]
[Source "ChessBase"]
[SourceDate "2023.10.10"]
[SourceVersion "1"]
[SourceVersionDate "2023.10.10"]
[SourceQuality "1"]

1. d4 Nf6 2. Bf4 g6 3. Nc3 Bg7 4. e4 d6 5. Qd2 0-0 6. Bh6 c6 7. Bxg7 Kxg7 8. Be2 b5 9. a3 a5 10. h4 h5 11. Nh3 Bb7 12. f3 b4 13. axb4 axb4 14. Na4 Nbd7 15. Qxb4 Qc7 16. Qd2 e5 17. 0-0 d5 18. exd5 cxd5 19. dxe5 Qxe5 20. f4 Qe7 21. Bf3 Ne4 22. Bxe4 dxe4 23. Qd4+ Nf6 24. Nc5 Bc6 25. Rxa8 Bxa8 26. Ng5 e3 27. Re1 e2 28. Kf2 Rd8 29. Qe5 Qa7 30. b4 Rd5 31. Qa1 Qxa1 32. Rxa1 Rd1 33. Nce6+ Kh6 34. Nxf7+ Kh7 35. Nfg5+ 1/2-1/2

[Event "DEN-ch G7 Gr-1"]
[Site "Svendborg"]
[Date "2022.04.12"]
[Round "1"]
[White "Jalving, August"]
[Black "Zander, Emil"]
[Result "1/2-1/2"]
[WhiteElo "1879"]
[BlackElo "1968"]
[PlyCount "84"]
[EventDate "2022.04.12"]
[EventType "swiss"]
[EventRounds "7"]
[EventCountry "DEN"]
[SourceTitle "EXT 2024"]
[Source "ChessBase"]
[SourceDate "2023.10.10"]
[SourceVersion "1"]
[SourceVersionDate "2023.10.10"]
[SourceQuality "1"]

1. d4 Nf6 2. Bf4 g6 3. Nc3 d5 4. Qd2 Bf5 5. 0-0-0 c6 6. f3 h5 7. Nh3 b5 8. Kb1 Qa5 9. Nxd5 Bxc2+ 10. Ka1 Qxd2 11. Nc7+ Kd7 12. Rxd2 Bf5 13. Nxa8 Bxh3 14. Bxb8 Bh6 15. Rd1 Rxb8 16. gxh3 Be3 17. Rd3 Nd5 18. Bg2 Rxa8 19. f4 Bxf4 20. Bxd5 cxd5 21. Rf1 Bg5 22. Rxf7 Bf6 23. Kb1 Ke6 24. Rh7 Kf5 25. Re3 Re8 26. Rf7 g5 27. Re5+ Kg6 28. Rxf6+ Kxf6 29. Rxd5 a6 30. e4 h4 31. Rf5+ Kg6 32. d5 Rc8 33. Re5 Rf8 34. Rxe7 Rf1+ 35. Kc2 Rf2+ 36. Kd1 Rxh2 37. d6 Rxh3 38. Ke2 Rh2+ 39. Ke3 Rh1 40. Ke2 Rh2+ 41. Ke3 Rh1 42. Ke2 Rh2+ 1/2-1/2

[Event "Reinstorf Blitz op"]
[Site "Reinstorf"]
[Date "2022.02.04"]
[Round "6"]
[White "Kardoeus, David"]
[Black "Jalving, August"]
[Result "1-0"]
[WhiteElo "2058"]
[BlackElo "1876"]
[PlyCount "89"]
[EventDate "2022.01.29"]
[EventType "swiss (blitz)"]
[EventRounds "9"]
[EventCountry "GER"]
[SourceTitle "CBM 206 Extra"]
[Source "ChessBase"]
[SourceDate "2022.03.31"]
[SourceVersion "1"]
[SourceVersionDate "2022.03.31"]
[SourceQuality "1"]

1. e4 c6 2. d4 d5 3. e5 c5 4. dxc5 Nc6 5. Nf3 e6 6. Be3 Nge7 7. c3 Nf5 8. Bd4 b6 9. Bb5 Bd7 10. Qa4 Qc8 11. b4 a6 12. Bxc6 Bxc6 13. Qa3 bxc5 14. bxc5 Bb5 15. Qb4 Rb8 16. Nbd2 Be7 17. Rb1 a5 18. Qxa5 Bc6 19. Rb6 0-0 20. 0-0 Ra8 21. Qb4 Rxa2 22. Rb1 Qc7 23. h3 Rfa8 24. Rb8+ Rxb8 25. Qxb8+ Qxb8 26. Rxb8+ Bf8 27. Nb3 Rb2 28. Nfd2 g6 29. Kf1 Kg7 30. Ke1 Be7 31. Kd1 Bg5 32. Rb6 Ba4 33. Ke1 Nxd4 34. cxd4 Bxb3 35. Nxb3 Rb1+ 36. Ke2 Rb2+ 37. Kf3 Bd8 38. Rb7 Bg5 39. c6 Rc2 40. Nc5 Bd2 41. g4 Be1 42. g5 Rxf2+ 43. Ke3 Rf5 44. Nxe6+ Kg8 45. Rb8# 1-0